[Event "4.liga A22 2019/2020"]
[Site "?"]
[Date "2019.11.10"]
[Round "3.6"]
[White "Motycka, Juraj"]
[Black "Milec, Gustav"]
[Result "0-1"]
[WhiteElo "1506"]
[BlackElo "1555"]
[PlyCount "94"]
[EventDate "2019.10.13"]
[WhiteTeam "ŠK Hlohovec B"]
[BlackTeam "ŠK Šúrovce"]

1. e4 e6 2. d4 Ne7 3. Nc3 g6 4. Be3 a6 5. g3 Bg7 6. Bg2 O-O 7. Nge2 Nbc6 8. O-O
f5 9. d5 Ne5 10. Bd4 Ng4 11. Bxg7 Kxg7 12. h3 Nf6 13. Nf4 e5 14. Nd3 d6 15.
exf5 Nxf5 16. Re1 Nd4 17. Ne2 Nf5 18. c4 h6 19. Nc3 h5 20. Kh2 Nh7 21. f4 exf4
22. Nxf4 Qg5 23. Ne4 Qd8 24. Qd3 Kh6 25. Ne6 Bxe6 26. dxe6 Qe7 27. Qd2+ g5 28.
h4 Rg8 29. Nc3 c6 30. Rad1 Rad8 31. b4 Nf6 32. Ne4 Nxe4 33. Bxe4 Qxe6 34. Bxc6
Qxc4 35. Bd5 Qg4 36. Bxg8 Qxg3+ 37. Kh1 Rxg8 38. Re6+ Kh7 39. Qh2 Qf3+ 40. Qg2
Qxd1+ 41. Kh2 gxh4 42. Qf2 Qg4 43. Rf6 Rg5 44. Rf7+ Kg6 45. Rxb7 Qe4 46. Rb8
Qe5+ 47. Kh1 Ng3+ 0-1

[Event "4.liga A22 2019/2020"]
[Site "?"]
[Date "2019.12.01"]
[Round "4.1"]
[White "Skreko, Igor"]
[Black "Jablonicky, Frantisek"]
[Result "0-1"]
[WhiteElo "1775"]
[BlackElo "2027"]
[PlyCount "80"]
[EventDate "2019.10.13"]
[WhiteTeam "ŠK KOMPLET Trnava - Modranka juniori"]
[BlackTeam "ŠK Šúrovce"]

1. c4 f5 2. Nc3 Nf6 3. g3 g6 4. Bg2 Bg7 5. e3 O-O 6. Nge2 e5 7. d3 c6 8. Rb1 a5
9. a3 Na6 10. b4 axb4 11. axb4 Nc7 12. b5 Re8 13. O-O h6 14. d4 e4 15. bxc6
bxc6 16. Qc2 Ba6 17. Na4 d5 18. Nb6 Rb8 19. c5 Bd3 20. Qa2 Bxb1 21. Qxb1 Na8
22. Bd2 Nxb6 23. cxb6 Qxb6 24. Qc2 Qb2 25. Rc1 Qxc2 26. Rxc2 Rec8 27. h3 Bf8
28. Nf4 Kf7 29. Ra2 Ra8 30. Rb2 Bd6 31. Rb6 g5 32. Ne2 Ra2 33. Rb7+ Rc7 34. Rb6
Rxd2 35. Nc3 Rc2 36. Nb5 cxb5 37. Rxd6 R2c6 38. Rd8 Rc8 39. Rxc8 Rxc8 40. Bf1
b4 0-1

[Event "4.liga A22 2019/2020"]
[Site "?"]
[Date "2019.12.01"]
[Round "4.1"]
[White "Lukacovic, Miroslav"]
[Black "Longauer, Jan"]
[Result "1-0"]
[WhiteElo "1903"]
[BlackElo "1836"]
[PlyCount "77"]
[EventDate "2019.10.13"]
[WhiteTeam "ŠK Šúrovce"]
[BlackTeam "ŠK KOMPLET Trnava - Modranka juniori"]

1. d4 Nf6 2. c4 g6 3. Nc3 Bg7 4. e4 d6 5. f3 O-O 6. Be3 c5 7. d5 e6 8. dxe6
Bxe6 9. Qd2 Qb6 10. O-O-O Nc6 11. Qxd6 Nd7 12. Qd2 Nde5 13. Nd5 Qa6 14. b3 Nd4
15. Bxd4 cxd4 16. Nc7 Qa3+ 17. Qb2 Qc5 18. Nxe6 fxe6 19. Bd3 b5 20. b4 Nxd3+
21. Rxd3 Qxc4+ 22. Kd2 Rac8 23. g3 Bh6+ 24. f4 e5 25. Nf3 Qe6 26. Qb3 Rc4 27.
h3 Kh8 28. Ke2 exf4 29. g4 Qxe4+ 30. Kf2 Qc6 31. Rhd1 Rc2+ 32. R1d2 Rxd2+ 33.
Rxd2 Bg7 34. Ng5 Qf6 35. Qd5 Rd8 36. Nf7+ Kg8 37. Nxd8+ Kf8 38. Ne6+ Ke7 39.
Ng5 1-0

[Event "4.liga A22 2019/2020"]
[Site "?"]
[Date "2019.12.01"]
[Round "4.1"]
[White "Rau, Vladimir"]
[Black "Kincel, Frantisek"]
[Result "0-1"]
[WhiteElo "1710"]
[BlackElo "1811"]
[PlyCount "138"]
[EventDate "2019.10.13"]
[WhiteTeam "ŠK KOMPLET Trnava - Modranka juniori"]
[BlackTeam "ŠK Šúrovce"]

1. d4 Nf6 2. c4 g6 3. Nc3 d5 4. e3 Bg7 5. Nf3 O-O 6. Be2 dxc4 7. Bxc4 e6 8. O-O
Nc6 9. Bd2 a6 10. Rc1 b5 11. Bb3 Bb7 12. h3 Na5 13. Bc2 Nc4 14. b3 Nxd2 15.
Nxd2 Qe7 16. Nde4 Rfd8 17. Nc5 Bc6 18. Qe2 e5 19. dxe5 Qxe5 20. Nd3 Qg5 21. f3
Nh5 22. Qe1 Bxc3 23. Qxc3 Qxe3+ 24. Kh2 Rd6 25. Rce1 Qd4 26. Qxd4 Rxd4 27. Ne5
Bd5 28. Ng4 Rd8 29. Re7 c5 30. Be4 Kg7 31. Bxd5 R4xd5 32. Rc1 Nf4 33. Ne3 Rd2
34. Rxc5 Rxa2 35. Rcc7 Rf8 36. Kg3 Ne2+ 37. Kg4 Nd4 38. b4 Ra4 39. Nd5 a5 40.
Re4 Nf5 41. bxa5 Rxa5 42. h4 Rd8 43. Nf4 Rb8 44. h5 Ra4 45. hxg6 hxg6 46. Rxa4
bxa4 47. Ra7 Rb4 48. Kg5 Nd6 49. Ne6+ Kg8 50. Ra8+ Kh7 51. Nf8+ Kg7 52. Nd7 Rb7
53. Nb8 Nb5 54. Nc6 a3 55. g4 Rc7 56. Nb4 Ra7 57. Rb8 Nc3 58. Nc2 a2 59. Na1
Ra5+ 60. Kh4 Rb5 61. Ra8 Rb2 62. Ra3 Rb1 63. Nc2 Rc1 64. Rxc3 a1=Q 65. Nxa1
Rxc3 66. Kg3 g5 67. Kf2 Kf6 68. Kg3 Ke5 69. Kf2 Kf4 0-1

[Event "4.liga A22 2019/2020"]
[Site "?"]
[Date "2019.12.01"]
[Round "4.1"]
[White "Cmarada, Juraj"]
[Black "Ganz, Marek"]
[Result "1/2-1/2"]
[WhiteElo "1814"]
[BlackElo "1630"]
[PlyCount "138"]
[EventDate "2019.10.13"]
[WhiteTeam "ŠK Šúrovce"]
[BlackTeam "ŠK KOMPLET Trnava - Modranka juniori"]

1. e4 e5 2. Nf3 Nc6 3. Bb5 a6 4. Ba4 b5 5. Bb3 Nf6 6. O-O Bc5 7. Re1 d6 8. c3
Bg4 9. h3 Bh5 10. d3 h6 11. Nbd2 O-O 12. Nf1 Ne7 13. g4 Nxg4 14. hxg4 Bxg4 15.
N1h2 Bh3 16. Be3 Bxe3 17. Rxe3 Ng6 18. Kh1 Nf4 19. Ne1 h5 20. Rg3 g5 21. d4 Qf6
22. Nd3 g4 23. Nxf4 exf4 24. Rxh3 gxh3 25. Qxh5 Rfe8 26. Bd5 Rac8 27. Rg1+ Kf8
28. Rg5 Ke7 29. Rf5 Rh8 30. Qf3 Qg6 31. Rxf7+ Kd8 32. Rxf4 c6 33. Bf7 Qg5 34.
Be6 Rb8 35. Qg4 Qh6 36. Qf5 Kc7 37. Qf6 Qxf6 38. Rxf6 Rbe8 39. d5 Re7 40. f3
Rg7 41. Ng4 Kb6 42. Kh2 Rc7 43. Rf7 Rxf7 44. Bxf7 Rf8 45. Nh6 cxd5 46. exd5 Kc7
47. f4 a5 48. f5 Rh8 49. Ng4 Kd8 50. Be6 Rh4 51. f6 b4 52. cxb4 axb4 53. a3 b3
54. f7 Ke7 55. Ne3 Re4 56. Nf5+ Kf8 57. Nxd6 Re2+ 58. Kxh3 Rxb2 59. Nc4 Re2 60.
Kg3 b2 61. Nxb2 Rxb2 62. a4 Ra2 63. Bd7 Kxf7 64. Kf4 Ke7 65. Bc6 Kd6 66. Ke4
Re2+ 67. Kd4 Rc2 68. Kd3 Rxc6 69. dxc6 Kxc6 1/2-1/2

[Event "4.liga A22 2019/2020"]
[Site "?"]
[Date "2019.12.01"]
[Round "4.1"]
[White "Skreko, Igor"]
[Black "Meszaros, Casey Ryan"]
[Result "0-1"]
[WhiteElo "1475"]
[BlackElo "1269"]
[PlyCount "56"]
[EventDate "2019.10.13"]
[WhiteTeam "ŠK KOMPLET Trnava - Modranka juniori"]
[BlackTeam "ŠK Šúrovce"]

1. d4 Nf6 2. c4 c5 3. d5 b5 4. Qc2 bxc4 5. Nc3 e6 6. Bg5 Be7 7. e4 Nxd5 8. Bxe7
Nxe7 9. Bxc4 Bb7 10. Nf3 O-O 11. O-O d5 12. exd5 exd5 13. Bd3 h6 14. Rfd1 Qc8
15. Rac1 c4 16. Be2 Rd8 17. Qd2 Nbc6 18. Nd4 Nxd4 19. Qxd4 Nc6 20. Qc5 d4 21.
Nd5 d3 22. Bf3 Kh8 23. Rxc4 Ne5 24. Qxc8 Nxf3+ 25. gxf3 Raxc8 26. Rxc8 Rxc8 27.
Rxd3 Rd8 28. Nc3 Rxd3 0-1

[Event "4.liga A22 2019/2020"]
[Site "?"]
[Date "2019.12.01"]
[Round "4.2"]
[White "Meszaros, Nikolas"]
[Black "Slamena, Michal"]
[Result "0-1"]
[WhiteElo "1814"]
[BlackElo "1989"]
[PlyCount "75"]
[EventDate "2019.10.13"]

1. e4 c5 2. Nf3 d6 3. c3 Nc6 4. d4 cxd4 5. cxd4 Nf6 6. Nc3 g6 7. Bb5 Bd7 8. O-O
Bg7 9. Be3 O-O 10. Nd2 Ng4 11. h3 Nxe3 12. fxe3 Rc8 13. Rc1 a6 14. Bc4 b5 15.
Bd3 e5 16. d5 Ne7 17. b4 f5 18. Nb3 Qb6 19. Qd2 Bh6 20. Nd1 fxe4 21. Rxc8 Rxc8
22. Bxe4 Bf5 23. Bxf5 Nxf5 24. Rf3 e4 25. Rxf5 gxf5 26. g3 Qc7 27. Nd4 Qc1 28.
Qe2 Bxe3+ 29. Qxe3 Qxd1+ 30. Kg2 Kh8 31. g4 fxg4 32. Qxe4 Qd2+ 33. Kg3 Qc3+ 34.
Kxg4 Rg8+ 35. Kf5 Qxh3+ 36. Kf6 Qh6+ 37. Ke7 Rg7+ 38. Kf8 0-1

[Event "4.liga A22 2019/2020"]
[Site "?"]
[Date "2019.12.01"]
[Round "4.2"]
[White "Tupy, Bystrik"]
[Black "Kosar, Mikulas"]
[Result "1-0"]
[WhiteElo "1707"]
[BlackElo "1859"]
[PlyCount "33"]
[EventDate "2019.10.13"]

1. e4 c5 2. Nf3 Nc6 3. c3 a6 4. d4 cxd4 5. cxd4 d5 6. exd5 Qxd5 7. Nc3 Qa5 8.
d5 Nb4 9. a3 Bf5 10. Nd4 Bg6 11. Nb3 Qb6 12. axb4 e5 13. dxe6 Rd8 14. exf7+
Kxf7 15. Qf3+ Nf6 16. Bc4+ Ke8 17. Qe3+ 1-0

[Event "4.liga A22 2019/2020"]
[Site "?"]
[Date "2019.12.01"]
[Round "4.2"]
[White "Bott, Tamas"]
[Black "Tupy, Emil"]
[Result "1/2-1/2"]
[WhiteElo "1658"]
[BlackElo "1616"]
[PlyCount "95"]
[EventDate "2019.10.13"]

1. e4 e5 2. Nf3 Nf6 3. Nxe5 d6 4. Nf3 Nxe4 5. d4 Nf6 6. Qe2+ Qe7 7. Bg5 Nbd7 8.
Nbd2 Qxe2+ 9. Bxe2 Be7 10. O-O-O O-O 11. h4 h6 12. Be3 Re8 13. Rh3 Bf8 14. Nh2
Nb6 15. g4 Nfd5 16. Rg3 Nxe3 17. fxe3 d5 18. g5 Bd6 19. Rg2 hxg5 20. hxg5 Rxe3
21. Rh1 Bf5 22. Ng4 Bxg4 23. Bxg4 Rae8 24. Nf3 Bf4 25. Kd1 Nc4 26. c3 Rd3+ 27.
Kc2 Rxf3 28. Bxf3 Ne3+ 29. Kb3 Nxg2 30. Bxg2 c6 31. g6 fxg6 32. Bh3 Re7 33. Rg1
g5 34. Rg2 Re3 35. Bc8 b6 36. Bb7 Re6 37. c4 Re3+ 38. Kb4 a5+ 39. Ka4 dxc4 40.
Bxc6 Rd3 41. d5 Kf8 42. Kb5 Rd2 43. Rxd2 Bxd2 44. Kxb6 Ke7 45. Bb5 c3 46. bxc3
Bxc3 47. Kc6 Bb4 48. Be2 1/2-1/2

[Event "4.liga A22 2019/2020"]
[Site "?"]
[Date "2019.12.01"]
[Round "4.2"]
[White "Jancicka, Viliam"]
[Black "Sandor, Stefan"]
[Result "1/2-1/2"]
[WhiteElo "1594"]
[BlackElo "1556"]
[PlyCount "23"]
[EventDate "2019.10.13"]

1. Nf3 d6 2. d4 Nf6 3. Nc3 e6 4. e4 Be7 5. Be2 a6 6. h3 O-O 7. a3 Nc6 8. Be3
Nd7 9. Qd2 b5 10. b4 Bb7 11. O-O Na7 12. Rfd1 1/2-1/2

[Event "4.liga A22 2019/2020"]
[Site "?"]
[Date "2019.12.01"]
[Round "4.3"]
[White "Meszaros, Lorant"]
[Black "Malar, Pavol"]
[Result "0-1"]
[WhiteElo "1930"]
[BlackElo "2079"]
[PlyCount "100"]
[EventDate "2019.10.13"]
[WhiteTeam "DSC Potôňska veža C"]
[BlackTeam "ŠK Hlohovec A"]

1. d4 f5 2. Nf3 Nf6 3. c4 g6 4. Nc3 Bg7 5. g3 O-O 6. Bg2 d6 7. O-O Qe8 8. d5 a5
9. Re1 Na6 10. a3 Bd7 11. Rb1 a4 12. Nd4 Nc5 13. Ndb5 Qd8 14. Be3 c6 15. Nd4
Qe8 16. Ne6 Nxe6 17. dxe6 Bxe6 18. Nxa4 Qf7 19. Nb6 Ra6 20. c5 Ng4 21. Qc1 Nxe3
22. Qxe3 dxc5 23. Qxc5 Ba2 24. Nd7 Rfa8 25. Ne5 Bxe5 26. Qxe5 Bxb1 27. Rxb1 Ra5
28. Qc3 Rb5 29. b4 Qf6 30. Qb3+ Kg7 31. a4 Re5 32. e3 Qe6 33. Qc2 Qd6 34. a5
Kh6 35. e4 fxe4 36. Bxe4 Qd4 37. Bf3 Rf5 38. Qc1+ Kg7 39. Rb3 Raf8 40. Kg2 g5
41. g4 Rf4 42. Qe1 e5 43. Re3 Qxb4 44. Qxb4 Rxb4 45. Rxe5 h6 46. Be2 Kf6 47.
Rc5 Ke6 48. a6 Kd6 49. Ra5 b5 50. a7 Ra4 0-1

[Event "4.liga A22 2019/2020"]
[Site "?"]
[Date "2019.12.01"]
[Round "4.3"]
[White "Bisco, Igor"]
[Black "Szocs, Ladislav"]
[Result "1/2-1/2"]
[WhiteElo "1996"]
[BlackElo "1763"]
[PlyCount "97"]
[EventDate "2019.10.13"]
[WhiteTeam "ŠK Hlohovec A"]
[BlackTeam "DSC Potôňska veža C"]

1. e4 d5 2. exd5 Nf6 3. d4 Nxd5 4. Nf3 Bg4 5. Be2 e6 6. O-O Be7 7. Re1 O-O 8.
c3 Nd7 9. Nbd2 c5 10. Ne4 Rc8 11. a3 N7f6 12. Nxc5 Bxc5 13. dxc5 Rxc5 14. c4
Bxf3 15. gxf3 Nb6 16. Be3 Rc8 17. Qxd8 Rfxd8 18. Rad1 h6 19. b3 e5 20. a4 Rxd1
21. Rxd1 Rc6 22. f4 exf4 23. Bxf4 Nbd7 24. Be3 b6 25. a5 bxa5 26. Bxa7 Nc5 27.
Rd8+ Kh7 28. Bf3 Nfe4 29. Bxc5 Rg6+ 30. Kf1 Nxc5 31. Rb8 Rg5 32. Rb5 g6 33. Bd5
Nd3 34. Bxf7 Rf5 35. Rxf5 gxf5 36. Bh5 Kg7 37. Be2 Nc5 38. Bd1 Kf6 39. f4 Nd3
40. Ke2 Nxf4+ 41. Ke3 Ke5 42. Bf3 Ne6 43. Kd3 Nc5+ 44. Kc3 f4 45. b4 axb4+ 46.
Kxb4 Kd4 47. Bh1 Nd3+ 48. Kb5 Nf2 49. Bg2 1/2-1/2

[Event "4.liga A22 2019/2020"]
[Site "?"]
[Date "2019.12.01"]
[Round "4.3"]
[White "Both, Lajos"]
[Black "Starzec, Juraj"]
[Result "0-1"]
[WhiteElo "1702"]
[BlackElo "1939"]
[PlyCount "94"]
[EventDate "2019.10.13"]
[WhiteTeam "DSC Potôňska veža C"]
[BlackTeam "ŠK Hlohovec A"]

1. Nf3 Nf6 2. c4 g6 3. b3 Bg7 4. Bb2 d6 5. d4 O-O 6. g3 c6 7. Bg2 Nbd7 8. O-O
Qc7 9. d5 cxd5 10. cxd5 Qa5 11. Ne1 Nc5 12. Nd2 Bf5 13. Nc4 Qa6 14. f3 b5 15.
Ne3 Bd7 16. N3c2 Rac8 17. e4 Rc7 18. Nd3 Rfc8 19. Ndb4 Qb6 20. Nd4 a5 21. Nd3
Nxd3 22. Qxd3 e5 23. dxe6 fxe6 24. Kh1 e5 25. Ne2 Rc2 26. Bc1 b4 27. Re1 Bb5
28. Qd1 Qf2 29. Bd2 d5 30. a3 dxe4 31. fxe4 bxa3 32. Rxa3 Bxe2 33. Rxe2 Qd4 34.
Qe1 Ng4 35. Rxa5 Qb2 36. Rd5 Bh6 37. Bh3 Bxd2 38. Rexd2 Rc1 39. Qxc1 Rxc1+ 40.
Kg2 Rc2 41. Rxc2 Qxc2+ 42. Kf3 Nxh2+ 43. Ke3 Qxb3+ 44. Ke2 Qf3+ 45. Kd2 Qxe4
46. Be6+ Kg7 47. Rd7+ Kf6 0-1

[Event "4.liga A22 2019/2020"]
[Site "?"]
[Date "2019.12.01"]
[Round "4.3"]
[White "Barca, Michal"]
[Black "Rozsas, Daniel"]
[Result "1-0"]
[WhiteElo "1728"]
[BlackElo "1668"]
[PlyCount "50"]
[EventDate "2019.10.13"]
[WhiteTeam "ŠK Hlohovec A"]
[BlackTeam "DSC Potôňska veža C"]

1. c4 d5 2. cxd5 Nf6 3. Nf3 Nxd5 4. g3 g6 5. Bg2 Bg7 6. O-O O-O 7. d4 Bd7 8. e4
Nb6 9. Nc3 Qc8 10. Bf4 c5 11. d5 Bg4 12. Qc2 a6 13. Rac1 N8d7 14. Rfe1 Nc4 15.
b3 Nce5 16. Nxe5 Nxe5 17. Bxe5 Bxe5 18. Na4 Qc7 19. Qxc5 Rac8 20. Qxc7 Bxc7 21.
h3 Bd7 22. Nc5 Bb5 23. a4 Be8 24. Nxb7 f6 25. d6 exd6 1-0

[Event "4.liga A22 2019/2020"]
[Site "?"]
[Date "2019.12.01"]
[Round "4.3"]
[White "Sido, Daniel"]
[Black "Janas, Peter"]
[Result "0-1"]
[WhiteElo "1587"]
[BlackElo "1743"]
[PlyCount "119"]
[EventDate "2019.10.13"]
[WhiteTeam "DSC Potôňska veža C"]
[BlackTeam "ŠK Hlohovec A"]

1. e4 d5 2. e5 c5 3. c3 Nc6 4. Nf3 Bg4 5. h3 Bxf3 6. Qxf3 Nxe5 7. Qh5 Nc6 8.
Bb5 Rc8 9. O-O Nf6 10. Qh4 e6 11. d4 cxd4 12. Qxd4 Nd7 13. Bxc6 Rxc6 14. Qxa7
Bc5 15. Qxb7 Rb6 16. Qa7 Rxb2 17. Qa4 Rb8 18. Be3 O-O 19. Bxc5 Nxc5 20. Qd4 Qa5
21. Nd2 Qc7 22. Rfb1 Rxb1+ 23. Rxb1 Rc8 24. Rc1 Qa7 25. Rc2 Qa3 26. Qb4 Qa7 27.
Qd4 Qc7 28. Nb3 Ne4 29. f3 Nd6 30. a4 Nc4 31. Nd2 Nxd2 32. Qxd2 Qa7+ 33. Kh2
Qxa4 34. Rc1 Qc4 35. Rd1 Qxc3 36. Qxc3 Rxc3 37. Kg3 Kf8 38. Kf2 Ke7 39. g4 h6
40. Ke2 Kd6 41. Ra1 Rc7 42. Ra3 g5 43. Kf2 Ke5 44. Kg3 f5 45. Re3+ Kf6 46. gxf5
Kxf5 47. Rd3 Rc4 48. Rb3 Rd4 49. Rb8 Rh4 50. Rf8+ Ke5 51. Rd8 Ra4 52. Rh8 Rh4
53. Rd8 Kd4 54. Ra8 e5 55. Ra4+ Ke3 56. Ra3+ Kd4 57. Ra4+ Kc3 58. Rxh4 gxh4+
59. Kf2 Kc2 60. Ke3 0-1

[Event "4.liga A22 2019/2020"]
[Site "?"]
[Date "2019.12.01"]
[Round "4.4"]
[White "Matis, Tibor"]
[Black "Bohunicky, Ivan"]
[Result "1-0"]
[WhiteElo "1934"]
[BlackElo "1914"]
[PlyCount "141"]
[EventDate "2019.10.13"]
[WhiteTeam "ŠK Dunajská Streda C"]
[BlackTeam "ŠK Dolná Krupá"]

1. e4 d5 2. exd5 Nf6 3. Nf3 Nxd5 4. c4 Nf6 5. d4 c6 6. Nc3 Bg4 7. Be2 e6 8. O-O
Be7 9. Re1 O-O 10. h3 Bh5 11. Bf4 Bd6 12. Ne5 Bxe2 13. Qxe2 Re8 14. Rad1 Bb4
15. Bg5 h6 16. Bh4 g5 17. Bg3 Nbd7 18. h4 Nf8 19. hxg5 hxg5 20. Qe3 N8h7 21. a3
Bf8 22. Ne4 Nxe4 23. Qxe4 Bg7 24. Nxf7 Kxf7 25. Qxh7 Rh8 26. Qe4 Rh6 27. Be5
Qh8 28. f3 Rh4 29. Bxg7 Rxe4 30. Bxh8 Rxe1+ 31. Rxe1 Rxh8 32. Kf2 Kf6 33. Rd1
Rh4 34. d5 exd5 35. cxd5 cxd5 36. Rxd5 Rc4 37. Ke3 Rc2 38. Rd2 Rc6 39. Rd7 Rb6
40. b4 Re6+ 41. Kd3 Ra6 42. Rxb7 Rxa3+ 43. Ke4 Ra4 44. g4 Ke6 45. Rb5 Kf6 46.
Kd5 Ra3 47. Rb8 Rd3+ 48. Kc4 Ra3 49. Rf8+ Kg6 50. Rf5 Ra6 51. b5 Rb6 52. Rc5
Rb7 53. Kd5 Rf7 54. Rc3 Rb7 55. Kc6 Rf7 56. Rd3 Kf6 57. Rd6+ Ke5 58. Rd5+ Ke6
59. Rxg5 Rxf3 60. Kb7 Ra3 61. Rg6+ Kd7 62. Ra6 Rb3 63. Ra5 Rb4 64. Kxa7 Rxg4
65. Ra2 Rb4 66. b6 Kc6 67. Rc2+ Kd7 68. b7 Ra4+ 69. Kb8 Ra3 70. Rd2+ Kc6 71.
Kc8 1-0

[Event "4.liga A22 2019/2020"]
[Site "?"]
[Date "2019.12.01"]
[Round "4.4"]
[White "Polak, Peter"]
[Black "Minarik, Jozef"]
[Result "1/2-1/2"]
[WhiteElo "1822"]
[BlackElo "1644"]
[PlyCount "54"]
[EventDate "2019.10.13"]
[WhiteTeam "ŠK Dolná Krupá"]
[BlackTeam "ŠK Dunajská Streda C"]

1. e4 c5 2. Nf3 Nc6 3. d4 cxd4 4. Nxd4 d6 5. c4 g6 6. Nc3 Bg7 7. Be3 Nf6 8. Be2
O-O 9. O-O a6 10. Rc1 Bd7 11. Qd2 Re8 12. f3 Rc8 13. Rfd1 Nxd4 14. Bxd4 Bc6 15.
b4 Bd7 16. Nd5 Nxd5 17. cxd5 Ba4 18. Re1 Qd7 19. Bxg7 Kxg7 20. Rc3 Kg8 21. Rec1
Red8 22. Qd4 Qe8 23. Rc7 Rxc7 24. Rxc7 Rd7 25. Rc1 Rd8 26. Rc7 Rd7 27. Rc1 Rd8
1/2-1/2

[Event "4.liga A22 2019/2020"]
[Site "?"]
[Date "2019.12.01"]
[Round "4.4"]
[White "Mezes, Kristof"]
[Black "Petras, Stefan"]
[Result "1/2-1/2"]
[WhiteElo "1675"]
[BlackElo "1692"]
[PlyCount "67"]
[EventDate "2019.10.13"]
[WhiteTeam "ŠK Dunajská Streda C"]
[BlackTeam "ŠK Dolná Krupá"]

1. d4 d5 2. c4 e6 3. Nc3 Nf6 4. Bg5 Nbd7 5. Nf3 c6 6. a3 h6 7. Bf4 dxc4 8. e4
Nb6 9. Ne5 Nfd7 10. Nxc4 Nxc4 11. Bxc4 Be7 12. O-O O-O 13. b4 a6 14. Bb3 Nf6
15. Rc1 a5 16. e5 Nd5 17. Nxd5 cxd5 18. Qg4 Kh8 19. Rc3 axb4 20. Rh3 f5 21.
exf6 Rxf6 22. Be5 Rxa3 23. Bxf6 Bxf6 24. Qg6 e5 25. Bc2 e4 26. Rxa3 bxa3 27.
Bb3 Be6 28. Rc1 Qd7 29. Qh5 Bxd4 30. h3 e3 31. Kh1 exf2 32. Qf3 Qf7 33. Qe2 b6
34. Qd3 1/2-1/2

[Event "4.liga A22 2019/2020"]
[Site "?"]
[Date "2019.12.01"]
[Round "4.4"]
[White "Bohunicky, Pavol"]
[Black "Kiss, Balazs"]
[Result "1-0"]
[WhiteElo "1624"]
[BlackElo "1404"]
[PlyCount "79"]
[EventDate "2019.10.13"]
[WhiteTeam "ŠK Dolná Krupá"]
[BlackTeam "ŠK Dunajská Streda C"]

1. e4 c5 2. Nf3 Nc6 3. d4 cxd4 4. Nxd4 e5 5. Nb5 a6 6. Nd6+ Bxd6 7. Qxd6 Qe7 8.
Qd1 h6 9. Nc3 Nf6 10. Be2 O-O 11. O-O b5 12. Be3 Qb4 13. Nd5 Nxd5 14. exd5 Nd4
15. c3 Nxe2+ 16. Qxe2 Qd6 17. Rad1 Re8 18. b3 a5 19. Rfe1 b4 20. c4 Ba6 21. Rc1
Qg6 22. Qd2 d6 23. Qb2 Bb7 24. Bd2 Bc8 25. Re3 f5 26. Rg3 Qf7 27. Bxh6 g6 28.
Qc2 e4 29. Qd2 Qh7 30. Qf4 e3 31. fxe3 Re4 32. Qxd6 Qxh6 33. Rxg6+ Qxg6 34.
Qxg6+ Kf8 35. Qh6+ Ke7 36. d6+ Kd7 37. c5 Re6 38. Qg7+ Ke8 39. Rd1 Kd8 40. Qc7+
1-0

[Event "4.liga A22 2019/2020"]
[Site "?"]
[Date "2019.12.01"]
[Round "4.4"]
[White "Vida, Gergo"]
[Black "Rendek, Jozef"]
[Result "0-1"]
[WhiteElo "1045"]
[BlackElo "1533"]
[PlyCount "84"]
[EventDate "2019.10.13"]
[WhiteTeam "ŠK Dunajská Streda C"]
[BlackTeam "ŠK Dolná Krupá"]

1. e4 e5 2. Nf3 Nc6 3. Bc4 h6 4. b4 a6 5. O-O Nf6 6. Re1 Bxb4 7. c3 Bc5 8. d4
exd4 9. cxd4 Be7 10. Bd2 d6 11. Qb3 O-O 12. e5 dxe5 13. dxe5 Nh7 14. Bc3 Kh8
15. Nbd2 f6 16. Nh4 Qe8 17. Qc2 f5 18. Nhf3 b5 19. Bb3 a5 20. a3 Bb7 21. e6 Ng5
22. Qb2 Qg6 23. Kf1 b4 24. Nh4 Qh7 25. Be5 bxa3 26. Qb1 Nxe5 27. Rxe5 Ne4 28.
Qc2 Bxh4 29. e7 Nxd2+ 30. Qxd2 Rfe8 31. Qd7 Qg6 32. f3 Rxe7 33. Rxe7 Bxe7 34.
Qxe7 Re8 35. Qxc7 Qa6+ 36. Bc4 Qa8 37. Rb1 Bxf3 38. Qg3 Be4 39. Rc1 Qd8 40. Qe3
Qh4 41. h3 Bxg2+ 42. Kxg2 Rxe3 0-1

[Event "4.liga A22 2019/2020"]
[Site "?"]
[Date "2019.12.01"]
[Round "4.5"]
[White "Bango, Lukas"]
[Black "Sturdik, Igor"]
[Result "1-0"]
[WhiteElo "2182"]
[BlackElo "1956"]
[PlyCount "77"]
[EventDate "2019.10.13"]
[WhiteTeam "ŠK KOMPLET Trnava - Modranka B"]
[BlackTeam "ŠK Obecný úrad Špačince"]

1. Nf3 Nf6 2. g3 g6 3. Bg2 Bg7 4. O-O O-O 5. d3 d5 6. Nbd2 Nbd7 7. e4 dxe4 8.
dxe4 e5 9. Qe2 b6 10. b3 Bb7 11. Ba3 c5 12. Ne1 Qc7 13. c3 Rad8 14. Nc2 Rfe8
15. Rad1 Nb8 16. Bb2 Ba6 17. Nc4 Nc6 18. a4 Na5 19. N2a3 Nxb3 20. Nb5 Qb8 21.
Qc2 Na5 22. Nxa5 bxa5 23. c4 Bb7 24. Ba3 Bf8 25. Bb2 Bg7 26. Rxd8 Rxd8 27. f4
Nd7 28. Qf2 exf4 29. Bxg7 Kxg7 30. gxf4 Nb6 31. f5 f6 32. fxg6 Qe5 33. gxh7 Rh8
34. Nc7 Rxh7 35. Qxf6+ Qxf6 36. Ne8+ Kh8 37. Nxf6 Re7 38. Rf5 Nxc4 39. Rg5 1-0

[Event "4.liga A22 2019/2020"]
[Site "?"]
[Date "2019.12.01"]
[Round "4.5"]
[White "Valach, Peter"]
[Black "Bango, Dominik"]
[Result "1-0"]
[WhiteElo "1772"]
[BlackElo "1864"]
[PlyCount "83"]
[EventDate "2019.10.13"]
[WhiteTeam "ŠK Obecný úrad Špačince"]
[BlackTeam "ŠK KOMPLET Trnava - Modranka B"]

1. d4 d5 2. c4 e6 3. Nc3 Nf6 4. Nf3 Nc6 5. Bg5 Be7 6. e3 O-O 7. a3 b6 8. Bd3
dxc4 9. Bxc4 Bb7 10. O-O h6 11. Bh4 Nh7 12. Bg3 Bd6 13. Bd3 Ng5 14. Nd2 Bxg3
15. hxg3 Ne7 16. Qc2 g6 17. Rac1 Rc8 18. Nde4 Nd5 19. Rfd1 Nxc3 20. Nxc3 Nh7
21. Ne2 Nf6 22. Bxg6 fxg6 23. Qxg6+ Kh8 24. Qxh6+ Kg8 25. Nf4 Rf7 26. Nxe6 Qe7
27. Qg6+ Kh8 28. Nf4 Be4 29. Qh6+ Rh7 30. Qg5 Rg8 31. Qe5 Qg7 32. f3 Bxf3 33.
Rxc7 Qxc7 34. Qxf6+ Rhg7 35. gxf3 Qc2 36. Re1 Qd2 37. Re2 Qc1+ 38. Kg2 Qc4 39.
d5 Re8 40. e4 Kg8 41. d6 Rf8 42. Qe6+ 1-0

[Event "4.liga A22 2019/2020"]
[Site "?"]
[Date "2019.12.01"]
[Round "4.5"]
[White "Lopatievov, Alexander"]
[Black "Slezak, Rudolf"]
[Result "1/2-1/2"]
[WhiteElo "1860"]
[BlackElo "1703"]
[PlyCount "122"]
[EventDate "2019.10.13"]
[WhiteTeam "ŠK KOMPLET Trnava - Modranka B"]
[BlackTeam "ŠK Obecný úrad Špačince"]

1. e4 c5 2. c3 d6 3. d4 cxd4 4. cxd4 g6 5. Nc3 Bg7 6. Nf3 Nc6 7. Be3 Nf6 8. h3
O-O 9. Qd2 Re8 10. Bb5 a6 11. Bd3 b5 12. Rc1 e6 13. O-O Bb7 14. Bg5 Qa5 15. Bb1
b4 16. Ne2 d5 17. Bxf6 Bxf6 18. e5 Bg7 19. Rc5 Qb6 20. Rfc1 Bf8 21. R5c2 Rac8
22. b3 Na7 23. h4 Rxc2 24. Rxc2 Rc8 25. h5 Rxc2 26. Bxc2 Nb5 27. hxg6 hxg6 28.
Qf4 Qc7 29. Bd3 Qe7 30. Nh2 Nc3 31. Qd2 Nxe2+ 32. Qxe2 a5 33. Ng4 Bg7 34. Qc2
Qd8 35. Qc5 Kh8 36. g3 Bf8 37. Qc1 Bg7 38. Qf4 Qg8 39. Nh2 Qf8 40. g4 Qa8 41.
g5 Ba6 42. Qd2 Bxd3 43. Qxd3 Qc6 44. Kg2 Qc3 45. Qd1 Qb2 46. Ng4 Qc3 47. Nh2
Qb2 48. Ng4 Qc3 49. Qf3 Qxf3+ 50. Kxf3 Kg8 51. Ke3 Kf8 52. f3 Ke7 53. Kd3 Bf8
54. Nh6 Ke8 55. Ng8 Kd7 56. Nf6+ Ke7 57. Ng4 Kd8 58. Kc2 Ke8 59. Nf2 Kd7 60.
Nd3 Kc6 61. Nb2 Kb5 1/2-1/2

[Event "4.liga A22 2019/2020"]
[Site "?"]
[Date "2019.12.01"]
[Round "4.5"]
[White "Sulko, Vit"]
[Black "Kramar, Matus"]
[Result "0-1"]
[WhiteElo "1640"]
[BlackElo "1648"]
[PlyCount "74"]
[EventDate "2019.10.13"]
[WhiteTeam "ŠK Obecný úrad Špačince"]
[BlackTeam "ŠK KOMPLET Trnava - Modranka B"]

1. d4 d5 2. Nf3 Nf6 3. g3 Bf5 4. Bg2 e6 5. O-O Be7 6. Bg5 Nbd7 7. Nbd2 O-O 8.
c3 h6 9. Bxf6 Bxf6 10. Re1 c5 11. e4 Bg4 12. exd5 exd5 13. Qb3 cxd4 14. Nxd4
Nb6 15. N2f3 Qd7 16. Ne5 Bxe5 17. Rxe5 Be6 18. Nxe6 fxe6 19. Bh3 Rf6 20. Rae1
Re8 21. Qc2 Nc4 22. R5e2 Kh8 23. Bg2 b6 24. Qd1 Nd6 25. b3 b5 26. c4 bxc4 27.
bxc4 Nxc4 28. Bxd5 Rd8 29. Rc2 exd5 30. Qh5 Qf5 31. Qxf5 Rxf5 32. Re7 a5 33. f4
Kg8 34. Rce2 Rf7 35. R7e6 d4 36. Re8+ Rf8 37. R8e7 d3 0-1